Wygraj wybory prezydenckie w USA! - Statystyki

Ogólne statystyki
  • Ten quiz został rozwiązany 3 592 razy
  • Średni wynik to 126 z 538
Odpowiedzi na mapie
Odpowiedzi zakodowano w zielono-czerwonej skali na mapie do tego quizu, zgodnie z poniższymi procentami.
 
Statystyki odpowiedzi
# Stan % Poprawnych
55 Kalifornia
72%
38 Teksas
71%
29 Nowy Jork
55%
29 Floryda
44%
3 Alaska
36%
12 Waszyngton
30%
18 Ohio
22%
6 Nevada
19%
11 Arizona
17%
4 Hawaje
16%
5 Nebraska
16%
20 Pennsylwania
16%
4 Maine
15%
7 Oregon
13%
6 Utah
12%
9 Alabama
10%
4 Idaho
10%
20 Illinois
9%
9 Kolorado
8%
16 Michigan
8%
3 Montana
8%
5 Nowy Meksyk
8%
16 Georgia
7%
6 Iowa
6%
14 New Jersey
6%
6 Kansas
5%
6 Arkansas
4%
15 Karolina Północna
4%
8 Luizjana
4%
7 Oklahoma
4%
13 Wirginia
4%
3 Dakota Północna
3%
11 Indiana
3%
8 Kentucky
3%
10 Minnesota
3%
6 Mississippi
3%
10 Wisconsin
3%
3 Wyoming
3%
3 Dakota Południowa
2%
9 Karolina Południowa
2%
10 Maryland
2%
10 Missouri
2%
3 Vermont
2%
7 Connecticut
1%
3 Delaware
1%
11 Massachusetts
1%
4 New Hampshire
1%
4 Rhode Island
1%
11 Tennessee
1%
3 District of Columbia
0%
5 Wirginia Zachodnia
0%
Nie znaleziono quizów pasujących do podanych kryteriów
Rozkład punktacji
Procent ludzi z każdym wynikiem
Percentyl według liczby udzielonych odpowiedzi
Twoja historia wyników
Nie rozwiązałeś tego quizu